Comprender el arte : (Registro nro. 12810)

Detalles MARC
000 -LIDER
fixed length control field 01116nam a22003377a 4500
003 - IDENTIFICACDOR DE NÚMERO DE CONTROL
control field DO-SdBNP
005 - DATE AND TIME OF LATEST TRANSACTION
control field 20220704132752.0
008 - ELEMENTOS DE LONGITUD FIJA
fixed length control field 060721 20uu sp ac spa
017 ## - NÚMERO DE REGISTRO DE DERECHOS DE AUTOR
Copyright or legal deposit number
Assigning agency
020 ## - ISBN
International Standard Book Number 9788430534838
035 ## - NÚMERO LOCAL
System control number
040 ## - FUENTE DE CATALOGACIÓN
Agencia que crea de manera original el registro BPMSU
Idioma de catalogación spa
Agencia que realiza la transcripción BPMSU
Convenciones de la despripción
082 ## - NÚMERO DE CLASIFICACIÓN DECIMAL DE DEWEY
Classification number 709
Item number P942c
Edition number 22
100 ## - ASIENTO PRINCIPAL -- NOMBRE PERSONAL
Nombre personal Prette, María Carla
245 10 - MENCIÓN DE TITULO
Título Comprender el arte :
Subtítulo y entender su lenguaje/
Mención de responsabilidad María Carla Prette, Alfonso De Giorgis ; dirección editorial Isabel Ortiz ; traducción Carmen Gutiérrez
Medio (Designación general de material)
246 14 - VARIACION DEL TÍTULO
Título propiamente dicho o título corto Atlas ilustrado para comprender el arte
260 ## - PUBLICACIÓN, DISTRIBUCIÓN, ETC. (PIE DE IMPRENTA)
Lugar de publicación, distribución, etc Madrid :
Nombre del editor, distribuidor, etc. Susaeta ;
-- Giunti Gruppo Editoriale,
Fecha de publicación, distribución, etc [2002].
Lugar de impresión
Impresor
300 ## - DESCRIPCIÓN FÍSICA
Extensión 191 p. ;
Otros detalles físicos il., retrs.
Dimensiones 28 cm.
500 ## - NOTA GENERAL
Nota general Incluye índice
500 ## - NOTA GENERAL
Nota general Incluye glosario.
534 ## - NOTA SOBRE LA VERSIÓN ORIGINAL
Asiento principal del original Título original
Mención del título original Capire l´arte
590 ## - NOTA LOCAL
Enlace Inventariado, 2022/VM
650 #4 - ENCABEZAMIENTO DE MATERIA--TEMÁTICO
Término temático o nombre geográfico como elemento de entrada Arte
Subdivisión temática general Técnicas.
650 #4 - ENCABEZAMIENTO DE MATERIA--TEMÁTICO
Término temático o nombre geográfico como elemento de entrada Apreciación del arte
650 #4 - ENCABEZAMIENTO DE MATERIA--TEMÁTICO
Término temático o nombre geográfico como elemento de entrada Composición (Arte)
700 1# - ASIENTO SECUNDARIO -- NOMBRE PERSONAL
Nombre personal De Giorgis, Alfonso
700 1# - ASIENTO SECUNDARIO -- NOMBRE PERSONAL
Nombre personal Gutiérrez, Carmen
Mención de responsabilidad traductor
910 ## - VALIDACIÓN
Validación VMateo V.
942 ## - ADDED ENTRY ELEMENTS (KOHA)
Source of classification or shelving scheme Dewey Decimal Classification
Koha item type Libros
980 ## - EQUIVALENCE OR CROSS-REFERENCE-SERIES STATEMENT--PERSONAL NAME/TITLE [LOCAL, CANADA]
Personal name
--
Numeration
Attribution qualifier
Titles and other words associated with a name
Existencias
Withdrawn status Lost status Source of classification or shelving scheme Damaged status Not for loan Collection code Home library Current library Date acquired Source of acquisition Full call number Barcode Date last seen Price effective from Koha item type
    Dewey Decimal Classification     Colección General Biblioteca Pública Metropolitana Salomé Ureña Biblioteca Pública Metropolitana Salomé Ureña 11/08/2017 Compra BPMSU CGR R709 P942c BPMSU22060042 11/08/2017 11/08/2017 Libros